header

Collected letters of a Renaissance feminist (Record no. 124060)

MARC details
000 -LEADER
fixed length control field 01882nam a2200469 a 4500
082 04 - DEWEY DECIMAL CLASSIFICATION NUMBER
Classification number 001.3/092
-- B
100 1# - MAIN ENTRY--AUTHOR NAME
Personal name Cereta, Laura,
245 10 - TITLE STATEMENT
Title Collected letters of a Renaissance feminist
260 ## - PUBLICATION, DISTRIBUTION, ETC. (IMPRINT)
Place of publication Chicago :
Name of publisher University of Chicago Press,
Year of publication c1997.
300 ## - PHYSICAL DESCRIPTION
Number of Pages xxv, 216 p.
490 1# - SERIES STATEMENT
Series statement Other voice in early modern Europe
500 ## - GENERAL NOTE
General note Translated from Latin.
650 #0 - SUBJECT ADDED ENTRY--TOPICAL TERM
Topical Term Authors, Latin (Medieval and modern)
Topical Term Women
Topical Term Humanists
Topical Term Feminists
700 1# - ADDED ENTRY--PERSONAL NAME
Personal name Robin, Diana Maury.
856 40 - ELECTRONIC LOCATION AND ACCESS
Uniform Resource Identifier http://site.ebrary.com/lib/rucke/Doc?id=10209975

No items available.

© 2026 Rongo University
Contact us: librarian | system librarian | Rongo university